| 000 | 00776cam a2200217 a 4500 | ||
|---|---|---|---|
| 005 | 20260112063319.0 | ||
| 010 | _a2010-032118 | ||
| 020 | _a9780470494523 | ||
| 039 |
_a202110131532 _bstaff _c201407031209 _d staff _c201406301614 _d staff _y 201406301611 _z staff |
||
| 082 |
_a658.4092014 _bFAI [ Shelf 61 ] |
||
| 100 |
_aFairhurst, Gail Theus, _d 1951- |
||
| 245 |
_aThe power of framing : _bcreating the language of leadership / _cGail T. Fairhurst. |
||
| 260 |
_aSan Francisco : _bJossey-Bass, _c2011. |
||
| 300 |
_axxi, 266 p. ; _c25 cm. |
||
| 650 | _aLeadership. | ||
| 650 | _aCommunication in management. | ||
| 650 | _aInterpersonal communication. | ||
| 991 | _aVIRTUA | ||
| 991 | _aVTLSSORT0080*0100*0200*0820*1000*2450*2600*3000*6500*6501*6502*9992 | ||
| 909 | _a5050 | ||
| 999 |
_c4518 _d4518 |
||